000 00567nam a22001937a 4500
005 20250103152341.0
010 _aENG-143169
020 _a9788128700385
_c400.00
035 _a EN-126701
037 _bDBAD
082 _a425
100 _aArohtuhpa
_975832
245 _aMara Grammar Book -2/
_cby Arohtuhpa...[et.al]
260 _aAssam
_bScientific Book Centre
270 _aHengrabari Book Centre, Dispur, Guwahati, Assam-781006
300 _aviii,341p
_c22cm.(Hb)
500 _aMara Reih Achuna Chabu 2-na
942 _2ddc
_cEN
_h425
_mARO
999 _c208030
_d208030